00609 2200217 4500001002100000005001700021008004100038035002400079082001200103090002200115100001700137245008200154250001100236260002700247300001900274650004900293850001500342980001300357985000600370999001500376YOGYA-0209000002458720090227023856.0 ind  0010-020900000024587 a370.114 a370.114bWat ElK aWATINI, Tien a4 tahun soal-soal dan penyelesaian EBANAS 85, 86, 87, 88 PMP SMPcTien Watini aCet. 1 aBandungbPustakac1989 a214 hlmc21 cm aPendidikan Moral Pancasila - Ujian, soal dsb aYOPDYOG(K) a04-03-07 a1 a06A0022223